ARRUPE JESUIT UNIVERSITY

CORONAVIRUS -STOP THE SPREAD - CLEAN,DISINFECT,COVER

The Roots of Heaven (Record no. 120263)

MARC details
000 -LEADER
fixed length control field 00335nam a22001217a 4500
008 - FIXED-LENGTH DATA ELEMENTS--GENERAL INFORMATION
fixed length control field 140326b xxu||||| |||| 00| 0 eng d
050 ## - LIBRARY OF CONGRESS CALL NUMBER
Classification number PZ3.G185 R6
100 ## - MAIN ENTRY--PERSONAL NAME
Personal name Gary, Romain
9 (RLIN) 9394
245 ## - TITLE STATEMENT
Title The Roots of Heaven
Statement of responsibility, etc Romain Gary
260 ## - PUBLICATION, DISTRIBUTION, ETC. (IMPRINT)
Place of publication, distribution, etc Great Britain
Name of publisher, distributor, etc Penguin Books
Date of publication, distribution, etc 1958
300 ## - PHYSICAL DESCRIPTION
Extent 363p. ;
Dimensions 18cm.
942 ## - ADDED ENTRY ELEMENTS (KOHA)
Source of classification or shelving scheme Library of Congress Classification
Item type Monograph ( Printed materials)
Holdings
Withdrawn status Lost status Source of classification or shelving scheme Damaged status Not for loan Collection code Home library Current library Shelving location Date acquired Total Checkouts Full call number Barcode Date last seen Price effective from Koha item type
    Library of Congress Classification     Main Collection ARRUPE LIBRARY ARRUPE LIBRARY Main Collection 26/03/2014   PZ3.G185 R6 46500001919 02/07/2019 26/03/2014 Monograph ( Printed materials)

 

Arrupe Library. PO Box MP320 Mt Pleasant, Harare, Zimbabwe
263 242 745411|librarian@aju.ac.zw